00934nam a22002411 45000010005000000030008000050050017000130080039000300350018000690400036000870410008001230820023001311000027001542450061001812600049002423000037002915040039003285050109003676500041004769420012005179990015005299520148005447730BD-RjUL20211208234450.0140115s1963 nyua b 001 0 eng a(BD-RjUL)7774 aDLC/ICUcICUdDLCdBD-RjULbeng aeng00a510.7834bWAD 19661 aWare, Willis H.92410510aDigital computer technology and design /cWillis H. Ware aNew York :bWiley ,cc1963 [ 2nd. pri. 1966] axx, 15.27 p. :billus. ;c23 cm. aIncludes bibliographies and index.0 av. 1. Mathematical topics, principles of operation, and programming.--v. 2. Circuits and machine design. 0aElectronic digital computers.924106 2ddccBK c7730d7730 00102ddc3V-240718NFICaRUCLbRUCLcreadingd1968-04-06eZeitlingerg105.00l0o510.7834 WAD 1966r2014-01-15 00:00:00tC-1w2014-01-15yBK